[Event "ISR-chT 2019"]
[Site "Israel"]
[Date "2019.02.08"]
[Round "3.30"]
[White "Lev, Ronen"]
[Black "Bykhovsky, Avigdor"]
[Result "0-1"]
[WhiteElo "2355"]
[BlackElo "2419"]
[Annotator "TA"]
[PlyCount "72"]
[EventDate "2019.01.04"]
[EventType "team-tourn"]
[EventCountry "ISR"]
[SourceTitle "playchess.com"]
[Source "ChessBase"]
[SourceQuality "1"]

{[%evp 12,72,8,-11,-4,-33,10,10,14,0,0,0,0,-51,-28,-75,-58,-85,-91,-154,-57,-44,-51,-45,-53,-90,-66,-80,-51,-91,-85,-156,-101,-95,-35,-130,-114,-165,-133,-238,-243,-239,-233,-287,-290,-287,-239,-244,-120,-135,160,153,164,6,20,-235,-235,-243,-245,-482,-483,-1456,-1452]} 1. d4 Nf6 2. c4 e6 3. Nc3 Bb4 4. Qc2 O-O 5. a3 Bxc3+ 6. Qxc3 b6 {[%cal Bb7b6,Bb6c5][%mdl 32]} 7. b4 Bb7 {E32: Nimzo-Indian: Classical (4 Qc2): 4...0-0} (7... a5 8. Bb2 axb4 9. axb4 Ne4 10. Qb3 Rxa1+ 11. Bxa1 Bb7 12. Nf3 c5 13. b5 cxd4 14. Bxd4 d6 15. e3 {0-1 (29) Arlandi,E (2470)-Palac,M (2575) Porto San Giorgio 1997}) 8. Bb2 d6 9. f3 c5 {The position is equal.} 10. Rd1 $146 ({Predecessor:} 10. dxc5 dxc5 11. b5 a6 12. Nh3 axb5 13. cxb5 {1-0 (48) Lorscheid,G (2345)-Vovk,I (2247) Pardubice 2009}) 10... Qe7 11. dxc5 bxc5 12. e3 (12. bxc5 $11 dxc5 13. e3) 12... Nbd7 {[%cal Bb8d7,Bd7b6,Bb6a4][%mdl 32]} 13. Bd3 Rfc8 14. b5 a6 15. a4 (15. bxa6 $142 Bxa6 16. Qc1) 15... axb5 (15... Nb6 $17 16. Qc2 d5) 16. axb5 $15 Nb6 17. Ne2 d5 18. Kf2 dxc4 19. Bxc4 Bd5 20. Bd3 Na4 21. Qc1 (21. Qc2 $142) 21... Bb3 ({Better is} 21... c4 $1 22. Bb1 Nxb2 23. Qxb2 Ra3) 22. Bc2 $17 Bxc2 (22... c4 $17 23. Ba3 Qe8) 23. Qxc2 (23. Bxf6 $1 $15 Qxf6 24. Qxc2) 23... Nd5 24. Ba1 (24. Ba3 $17 {is a better defense.}) 24... Nb4 ({Of course not} 24... Qg5 $6 25. Qd2 $11) 25. Qc4 {[#]} (25. Qe4 $17 {was called for.}) 25... Nb6 $1 $19 {[%cal Rb6c4]} 26. Qc3 {[%csl Ga1][%cal Rc3g7]} f6 27. Rb1 Ra2 {...N6d5 is the strong threat.} 28. Rhd1 Qe8 29. Qb3 {[#]} Rca8 (29... N6d5 $1 $19 30. Qc4 Rc2) 30. Bb2 $17 Qxb5 $2 {[%mdl 8192]} (30... N4d5 $17 {aiming for ...c4.} 31. Ra1 c4 32. Qxa2 Rxa2 33. Rxa2 Nb4) 31. Qxe6+ $16 Kh8 {Threatens to win with ...Na4.} 32. Nc1 $2 (32. Nc3 $18 Rxb2+ 33. Rxb2 Nd3+ 34. Rxd3 Qxb2+ 35. Ne2) 32... R2a7 $11 {White should prevent ...Re8.} 33. Qe4 $2 {[%mdl 8192]} (33. Bc3 $11) 33... Re8 $19 34. Qf5 Nc4 35. e4 $2 (35. Bd4 Qa4 36. Bxc5 Qxd1 37. Bxa7) 35... Qa4 36. Nd3 (36. Qxc5 $142 Nxb2 37. Rxb2 Qxd1 38. Rxb4) 36... Qc2+ {Accuracy: White = 18%, Black = 56%.} 0-1

[Event "ISR-chT 2019"]
[Site "Israel"]
[Date "2019.02.08"]
[Round "3.31"]
[White "Baron, Tal"]
[Black "Tifferet, Shaked"]
[Result "1-0"]
[WhiteElo "2519"]
[BlackElo "2243"]
[Annotator "TA"]
[PlyCount "75"]
[EventDate "2019.01.04"]
[EventType "team-tourn"]
[EventCountry "ISR"]
[SourceTitle "playchess.com"]
[Source "ChessBase"]
[SourceQuality "1"]

{[%evp 18,75,7,7,10,11,23,0,20,12,158,97,163,159,292,284,322,285,284,277,385,365,467,495,487,485,492,484,477,472,498,458,450,433,453,437,484,483,546,512,566,577,574,612,665,639,670,675,694,666,721,680,890,830,884,874,966,970,972,963]} 1. Nf3 Nf6 2. d4 d5 3. c4 e6 4. g3 Be7 5. Bg2 O-O 6. Qc2 c5 7. O-O cxd4 8. Nxd4 Nc6 9. Nxc6 bxc6 10. b3 Ba6 {E06: Closed Catalan: Early deviations} 11. Rd1 Qb6 12. Nd2 Ng4 {The position is equal.} 13. e3 {[#]} d4 $146 {[#]} (13... Bf6 $11 14. Bb2 Bxb2 15. Qxb2 Rfd8) ({Predecessor:} 13... Bf6 14. Rb1 Rfd8 15. h3 Ne5 16. Bb2 Rac8 17. Bd4 c5 18. Bxe5 Bxe5 {0-1 (35) Wojtkiewicz,A (2525)-Karpov,A (2775) Internet 1996}) 14. Nf1 (14. exd4 $142 $1 Qxd4 {[%mdl 64] Double Attack} 15. Ne4 Qxa1 16. Bf4 Qxd1+ 17. Qxd1) 14... Bc5 (14... dxe3 $16 15. Nxe3 Nf6) 15. Qe4 $18 dxe3 (15... Nf6 $16 {was called for.} 16. Qxc6 Qxc6 17. Bxc6 Rad8) 16. Qxg4 ({Less strong is} 16. Nxe3 Nxe3 17. Bxe3 Bxe3 $16) 16... exf2+ 17. Kh1 f5 18. Qe2 Rae8 19. Qe5 Be7 20. Qxe6+ {White is clearly winning.} Kh8 {With the idea ...Bf6.} 21. Qxc6 Bf6 22. Qxb6 axb6 23. Rb1 Re2 24. Bd2 g5 25. h3 g4 26. h4 h5 27. Bd5 Be5 28. Kg2 Re8 29. a4 Kg7 30. Be3 Ra2 31. Rd3 Kg6 32. Rbd1 Bc7 33. R1d2 Rxd2 34. Rxd2 f4 35. gxf4 Bc8 36. Kxf2 Rf8 37. Be4+ Kg7 38. Ng3 {Accuracy: White = 72%, Black = 15%.} 1-0

[Event "ISR-chT 2019"]
[Site "Israel"]
[Date "2019.02.08"]
[Round "3.32"]
[White "Abergel, Thal"]
[Black "Alterman, Boris"]
[Result "*"]
[WhiteElo "2422"]
[BlackElo "2605"]
[Annotator "TA"]
[PlyCount "24"]
[EventDate "2019.01.04"]
[EventType "team-tourn"]
[EventCountry "ISR"]
[SourceTitle "playchess.com"]
[Source "ChessBase"]
[SourceQuality "1"]

{[%evp 9,20,7,11,-3,4,-11,0,0,16,8,22,12,47]} 1. e4 c5 2. Nc3 Nc6 3. Bb5 Nd4 4. Bc4 e6 5. Nf3 Ne7 {The position is equal.} 6. O-O {B30: Sicilian: 2...Nc6 3 Bb5, lines without ...g6} (6. Nxd4 cxd4 7. Ne2 Qc7 8. Bb3 f5 9. d3 fxe4 10. dxe4 Nc6 11. O-O Bc5 12. Nf4 O-O 13. Nd3 Be7 14. Bd2 Na5 15. Bxa5 Qxa5 {1-0 (24) Najer,E (2626)-Savchenko,B (2602) Moscow 2013}) 6... Nec6 7. d3 Be7 8. Nxd4 cxd4 9. Ne2 O-O 10. Bb3 b5 {Predecessor:} 11. c3 $146 Bc5 12. Kh1 a5 {½-½ (12) Abergel,T (2457)-Hemant,S (2299) Paris 2016} *

[Event "ISR-chT 2019"]
[Site "Israel"]
[Date "2019.02.08"]
[Round "3.32"]
[White "Abergel, Thal"]
[Black "Alterman, Boris"]
[Result "0-1"]
[WhiteElo "2422"]
[BlackElo "2605"]
[Annotator "TA"]
[PlyCount "136"]
[EventDate "2019.01.04"]
[EventType "team-tourn"]
[EventCountry "ISR"]
[SourceTitle "playchess.com"]
[Source "ChessBase"]
[SourceQuality "1"]

{[%evp 9,136,8,13,11,12,3,8,14,18,22,27,11,22,0,0,0,42,44,50,47,61,26,22,20,32,0,0,-45,-45,-49,-53,-51,-50,-59,-62,-66,-12,-23,-37,-23,-23,-23,-23,-118,-57,-71,-20,-20,-22,-22,0,-52,-29,-24,-28,-124,-119,-109,-100,-183,-142,-111,-96,-183,-121,-240,-237,-238,-243,-230,-167,-230,-222,-200,-116,-223,-223,-192,-28,-296,-255,-245,-229,-227,-114,-162,-19,-27,-29,-161,-148,-316,-327,-327,-310,-312,-290,-471,-466,-430,-437,-631,-630,-1069,-681,-671,-681,-600,-592,-587,-8,0,0,-584,-574,-979,-972,-1029,-975,-2185,-1752,-2106,-2181,-2126,-1913,-2056,-1970,-1913,-1833]} 1. e4 c5 2. Nc3 Nc6 3. Bb5 Nd4 4. Bc4 e6 5. Nf3 Ne7 6. O-O $146 {B30: Sicilian: 2...Nc6 3 Bb5, lines without ...g6} (6. Nxd4 cxd4 7. Ne2 Qc7 8. Bb3 f5 9. d3 fxe4 10. dxe4 Nc6 11. O-O Bc5 12. Nf4 O-O 13. Nd3 Be7 14. Bd2 Na5 15. Bxa5 Qxa5 {1-0 (24) Najer,E (2626)-Savchenko,B (2602) Moscow 2013}) ({Predecessor:} 6. Nxd4 cxd4 7. Ne2 Nc6 8. d3 b5 9. Bb3 Be7 10. O-O {1-0 (34) Kafka,G (2134)-Thomassen,J (2006) Copenhagen 2006}) 6... Nec6 7. d3 Be7 8. Nxd4 {The position is equal.} cxd4 9. Ne2 O-O 10. Bb3 b5 11. Bd2 a5 ({Predecessor:} 11... d6 12. f4 Bf6 13. Qe1 g6 14. f5 Bg7 15. Qg3 {1-0 (34) Kafka,G (2134)-Thomassen,J (2006) Copenhagen 2006}) 12. a4 b4 13. f4 Bb7 14. f5 Rc8 15. Nf4 Ne5 16. Qh5 {[%cal Rf5e6]} Bf6 17. Rf2 Rc5 18. fxe6 dxe6 19. Qh3 Bc8 20. Raf1 Bh4 21. g3 Bg5 22. g4 g6 {[#]} (22... Nd7 $15) 23. Nxe6 $1 {[%mdl 512]} Bxe6 24. Bxg5 Qxg5 25. Bxe6 {[%mdl 64] Pin} h5 {[%cal Rh5g4]} 26. Bb3 (26. Qg3 $11 hxg4 27. Bb3) 26... Kg7 ({Reject} 26... hxg4 $6 27. Qg3 $11) (26... Nxg4 $17 27. Rf3 Ne3+ 28. Rg3 Qe7) 27. Qg3 Qxg4 ({Black should try} 27... hxg4 $17 28. Rf4 Nf3+ 29. Kh1 Qh6) 28. Qxg4 $11 hxg4 29. Kg2 $1 Rc7 30. Rf4 (30. h4 $11) 30... f6 31. R1f2 Rc6 32. Bd5 (32. h4 $11 {remains equal.}) 32... Rd6 $17 33. Bb3 Rh8 34. Kf1 (34. Ba2 $17) 34... Rh3 35. Kg2 Re3 36. Bd5 (36. Rf1 $17) 36... Re1 (36... g5 $1 $19 {[%cal Rg5f4]} 37. Rf5 Ng6) 37. b3 (37. Rf1 $17 {was necessary.} Nf3 38. Ba2) 37... g5 $19 38. Rf5 Ng6 39. Rf1 Re3 {Threatens to win with ...Nh4+.} 40. Bc4 (40. R5f2 $142) 40... Nh4+ {[%mdl 64] Double Attack} 41. Kg1 g3 (41... Nxf5 $19 42. Rxf5 Re2) 42. Rxa5 (42. hxg3 $17 Rxg3+ 43. Kh2 Rg2+ 44. Kh3 Nxf5 45. Rxf5 Rxc2 46. Rxa5) 42... g2 $1 {[%cal Rg2f1]} 43. Ra1 Kg6 $2 (43... Re2 $19 {[%cal Rh4f3]} 44. Rf5 Nxf5 45. exf5 Rd7) 44. Rf5 $2 {[%mdl 8192]} (44. Kf2 $1 $11 {and White is okay.}) 44... Nxf5 45. exf5+ Kxf5 {[%mdl 4096] Endgame KRR-KRB} 46. a5 {intending a6.} Re8 (46... Rd7 $19 {White must now prevent ...Re2.} 47. a6 Ra7 48. Kxg2 Re2+ 49. Kg3 Rxc2) 47. a6 Ra8 ({Black should play} 47... g4 $19 48. Kxg2 Kf4) 48. Kxg2 $11 Kf4 49. Kf2 (49. Re1 $1 $11 {and White stays safe.}) 49... Ra7 50. Ra5 $2 (50. h3 $17 {might work better.}) 50... g4 $19 51. Ra4 Rb6 52. Ra5 f5 53. Rd5 $2 (53. Kf1) 53... Rh6 54. Rxd4+ Kg5 55. Kg1 (55. Bd5 $142 Raxa6 56. Bg2) 55... Rah7 56. h3 Rxh3 {( -> ...Rh1+)} 57. Rd8 Rh1+ 58. Kf2 f4 {[%cal Rh7h2]} 59. Rg8+ {[#]} Kf5 $2 (59... Kh4 $1 $19 60. a7 g3+ 61. Kf3 Rf1+ 62. Ke4 Rxa7) 60. Rf8+ $11 Kg5 $2 {[%mdl 8192]} (60... Ke5 $11 61. d4+ {[%mdl 64] Decoy} Kxd4 62. Rxf4+ {[%mdl 64] Double Attack} Ke5 63. Rxg4 R1h2+ 64. Kg1 Rxc2) 61. Rg8+ $19 {[#]} Kh4 $1 {Black is clearly winning.} 62. Be6 g3+ 63. Kf3 Rf1+ 64. Ke4 Re1+ 65. Kf5 {[#]} Rxe6 $1 {[%mdl 512]} 66. a7 {[#]} (66. Kxe6 f3) 66... Rf6+ $1 {[%mdl 512]} 67. Kxf6 Rxa7 68. Kf5 Rf7+ {Accuracy: White = 27%, Black = 55%.} 0-1

[Event "ISR-chT 2019"]
[Site "Israel"]
[Date "2019.02.08"]
[Round "3.33"]
[White "Raznikov, Danny"]
[Black "Poleg, Matan"]
[Result "1-0"]
[WhiteElo "2497"]
[BlackElo "2205"]
[Annotator "ChessBase"]
[PlyCount "83"]
[EventDate "2019.01.04"]
[EventType "team-tourn"]
[EventCountry "ISR"]
[SourceTitle "playchess.com"]
[Source "ChessBase"]
[SourceQuality "1"]
[TimeControl "40/5400+30:1800+30"]

1. d4 {[%emt 0:00:00]} Nf6 {[%emt 0:02:39]} 2. Bf4 {[%emt 0:00:00]} g6 {[%emt 0:00:30]} 3. e3 {[%emt 0:00:25]} d6 {[%emt 0:00:30]} 4. Nf3 {[%emt 0:00:30]} Nh5 {[%emt 0:00:30]} 5. Bg5 {[%emt 0:00:30]} h6 {[%emt 0:00:30]} 6. Bh4 {[%emt 0:00:30]} g5 {[%emt 0:00:30]} 7. Nfd2 {[%emt 0:00:30]} Ng7 {[%emt 0:00:30]} 8. Bg3 {[%emt 0:00:30]} Nf5 {[%emt 0:00:30]} 9. Bd3 {[%emt 0:00:30]} Nxg3 {[%emt 0:00:30]} 10. hxg3 {[%emt 0:00:30]} Bg7 {[%emt 0:00:30]} 11. c3 {[%emt 0:00:30]} Nd7 {[%emt 0:00:30]} 12. f4 {[%emt 0:00:30]} Nf6 {[%emt 0:00:30]} 13. fxg5 {[%emt 0:00:30]} hxg5 {[%emt 0:00:30]} 14. Rxh8+ {[%emt 0:00:30]} Bxh8 {[%emt 0:00:30]} 15. Ne4 {[%emt 0:00:30]} g4 {[%emt 0:00:30]} 16. Nxf6+ {[%emt 0:00:30]} Bxf6 {[%emt 0:00:30]} 17. Nd2 {[%emt 0:00:30]} d5 {[%emt 0:00:30]} 18. e4 {[%emt 0:00:30]} Be6 {[%emt 0:00:30]} 19. e5 {[%emt 0:00:30]} Bg5 {[%emt 0:00:30]} 20. Nb3 {[%emt 0:00:30]} b6 {[%emt 0:00:30]} 21. Qc2 {[%emt 0:00:30]} Qd7 {[%emt 0:00:30]} 22. Ke2 {[%emt 0:00:30]} O-O-O {[%emt 0:00:30]} 23. Nc5 {[%emt 0:00:30]} Qe8 {[%emt 0:00:30]} 24. Ba6+ {[%emt 0:00:30]} Kb8 {[%emt 0:00:30]} 25. Nxe6 {[%emt 0:00:30]} fxe6 {[%emt 0:00:30]} 26. Rh1 {[%emt 0:00:30]} c6 {[%emt 0:00:30]} 27. Bd3 {[%emt 0:00:30]} c5 {[%emt 0:00:30]} 28. Ba6 {[%emt 0:00:30]} Qc6 {[%emt 0:00:30]} 29. Qg6 {[%emt 0:00:30]} b5 {[%emt 0:00:30]} 30. Qxg5 {[%emt 0:00:30]} Qxa6 {[%emt 0:00:30]} 31. Qxe7 {[%emt 0:00:30]} b4+ {[%emt 0:00:30]} 32. Ke3 {[%emt 0:00:30]} cxd4+ {[%emt 0:00:30]} 33. cxd4 {[%emt 0:00:30]} Qc8 {[%emt 0:00:30]} 34. Kd2 {[%emt 0:00:30]} Rf8 {[%emt 0:00:30]} 35. Rh7 {[%emt 0:00:30]} Rf2+ {[%emt 0:00:30]} 36. Ke3 {[%emt 0:00:30]} Re2+ {[%emt 0:00:30]} 37. Kf4 {[%emt 0:00:30]} Qc1+ {[%emt 0:00:30]} 38. Kxg4 {[%emt 1:30:14]} Re4+ {[%emt 1:10:18]} 39. Kh5 {[%emt 0:00:14]} Qd1+ {[%emt 0:08:58]} 40. Kh6 {[%emt 0:00:30]} Qc1+ {[%emt 0:00:30]} 41. Kg6 {[%emt 0:30:30]} Rg4+ {[%emt 0:30:30]} 42. Kh5 {[%emt 0:00:30]} 1-0

[Event "ISR-chT 2019"]
[Site "Israel"]
[Date "2019.02.08"]
[Round "3.34"]
[White "Kudischewitsch, David"]
[Black "Zanan, Evgeny"]
[Result "1/2-1/2"]
[WhiteElo "2350"]
[BlackElo "2528"]
[Annotator "TA"]
[PlyCount "61"]
[EventDate "2019.01.04"]
[EventType "team-tourn"]
[EventCountry "ISR"]
[SourceTitle "playchess.com"]
[Source "ChessBase"]
[SourceQuality "1"]

{[%evp 9,61,0,11,0,9,-27,-16,-25,-43,-46,-20,-27,-16,-27,-37,-23,-25,-38,-7,-27,19,0,0,0,0,-24,-18,-116,-18,-18,-4,-21,107,88,180,185,167,162,182,160,184,85,87,68,120,124,135,49,37,35,22,33,40,18]} 1. d4 g6 2. c4 Nf6 3. f3 c5 4. dxc5 Qa5+ 5. Bd2 $146 ({Predecessor:} 5. Nc3 Qxc5 6. e4 d6 7. Na4 Qh5 8. Ne2 Bh6 9. Nf4 Qe5 10. Nd3 Qh5 11. Nf4 {1-0 (51) Giri,A (2745)-Matamoros Franco,C (2525) Tromsoe 2014}) 5... Qxc5 6. e4 {E60: King's Indian: Unusual lines and Fianchetto Variation without Nc3} Bg7 7. Bc3 Nc6 8. Qd2 {The position is equal.} d6 9. Na3 a6 10. Ne2 O-O 11. Nc1 Nh5 12. Bxg7 Nxg7 13. Nd3 Qd4 14. Nf4 Qe5 15. O-O-O b5 16. Nd5 {aiming for f4.} Ne6 $1 17. Qe3 b4 $1 {[%cal Rb4a3]} 18. f4 (18. Nc2 $11 {was the only way to keep the balance.}) 18... Qg7 (18... Nxf4 $1 $17 19. Nc2 Ne6 20. Ndxb4 Nxb4 21. Nxb4 Bb7) 19. Nc2 $11 Rb8 20. f5 b3 (20... Nc5 $1 $11 21. Nd4 Nxd4 22. Nxe7+ Kh8 23. Qxd4 (23. Rxd4 b3 $11) 23... Bb7) 21. axb3 $16 {[%cal Ba2b3,Bb3b4][%mdl 32]} gxf5 (21... Nc5 $16 {might work better.} 22. b4 gxf5) 22. exf5 $18 Nc5 23. f6 $1 {[%cal Rf6g7]} exf6 24. b4 Bg4 25. Re1 (25. bxc5 $18 {has better winning chances. Strongly threatening Rd2.} Bxd1 26. Kxd1) 25... Nd7 $16 {[#]} 26. Qf4 $1 Nce5 {[#]} (26... Nde5 $14) 27. Re3 $1 {[%cal Re3g3] Black must now prevent Rg3.} Qg5 28. h3 ({Better is} 28. Ra3 $16) 28... Qxf4 $14 29. Nxf4 Bf5 30. Nd4 Bg6 31. Nd5 {Accuracy: White = 42%, Black = 39%.} 1/2-1/2

[Event "ISR-chT 2019"]
[Site "Israel"]
[Date "2019.02.08"]
[Round "3.35"]
[White "Liss, Eran"]
[Black "Vaissenberg, Pinhas"]
[Result "1-0"]
[WhiteElo "2431"]
[BlackElo "2224"]
[Annotator "TA"]
[PlyCount "67"]
[EventDate "2019.01.04"]
[EventType "team-tourn"]
[EventCountry "ISR"]
[SourceTitle "playchess.com"]
[Source "ChessBase"]
[SourceQuality "1"]

{[%evp 11,67,33,18,18,28,20,29,41,25,23,19,1,0,0,-6,0,0,-11,12,-12,4,-13,-12,-20,0,-77,-11,-18,-11,-11,-11,-33,-34,-41,-55,-77,-50,-47,0,0,207,208,386,435,400,378,403,433,412,412,708,704,689,634,656,673,632,587]} 1. e4 e5 2. Nf3 Nc6 3. Bb5 Nge7 4. d4 exd4 5. Nxd4 Nxd4 6. Qxd4 Nc6 7. Qd3 {C60: Ruy Lopez: Unusual Black 3rd moves and 3...g6} (7. Qe3 Bb4+ 8. Bd2 O-O 9. O-O Bxd2 10. Qxd2 Qf6 11. Nc3 Ne7 12. Bc4 a6 13. Rae1 d6 14. f4 b5 {0-1 (63) Zakarian,D (2380)-Pardo Simon,D (2478) Reading 2017}) 7... Be7 8. Nc3 $146 ({Predecessor:} 8. Be3 O-O 9. O-O a6 10. Ba4 Ne5 11. Qe2 d6 12. h3 Be6 13. Bb3 Bxb3 14. axb3 f5 {1-0 (54) Rusjan,D (2018)-Bratkovic,S (2268) Nova Gorica 2015}) 8... Ne5 9. Qg3 {White has an edge.} Ng6 10. O-O c6 11. Be2 d6 12. f4 O-O 13. f5 Bh4 14. Qh3 Ne5 15. Be3 Qe7 16. Rad1 b5 17. a3 a5 18. Rd4 {[#]} (18. Bxb5 $11 Rb8 19. Be2) 18... Bb7 (18... Bf6 $1 $17) 19. Rfd1 Rfd8 20. Bf4 Bf6 21. Kh1 Nc4 22. Bxc4 Bxd4 23. Rxd4 bxc4 24. Qg3 $1 {[%cal Rf4d6]} d5 {aiming for ...Kh8.} (24... c5 $5 {[%cal Rc5d4]} 25. Rxd6 Rxd6 26. Bxd6 Qf6 $11) 25. e5 {Strongly threatening f6.} f6 $2 (25... Qf8 $1 $11 {and Black is okay.}) 26. exf6 $18 Qxf6 $2 (26... Qf8 27. Be5 Rd7) 27. Be5 Qf8 {[#]} 28. Bxg7 $1 {[%mdl 512]} Qxg7 29. Rg4 Qxg4 30. Qxg4+ Kf7 (30... Kh8 $142 31. Qd4+ Kg8) 31. Qh5+ {White is clearly winning.} Kg7 32. Qg5+ Kf7 33. Qh6 Kg8 34. Qe6+ {Accuracy: White = 72%, Black = 37%.} 1-0

[Event "ISR-chT 2019"]
[Site "Israel"]
[Date "2019.02.08"]
[Round "3.36"]
[White "Lurie, Michael"]
[Black "Kaspi, Alexander"]
[Result "*"]
[WhiteElo "2331"]
[BlackElo "2467"]
[Annotator "TA"]
[PlyCount "19"]
[EventDate "2019.01.04"]
[EventType "team-tourn"]
[EventCountry "ISR"]
[SourceTitle "playchess.com"]
[Source "ChessBase"]
[SourceQuality "1"]

{[%evp 9,19,5,10,5,27,29,40,6,7,7,19,6]} 1. Nf3 d5 2. b3 c5 3. Bb2 Nc6 4. e3 a6 5. Be2 Nf6 6. O-O {A06: Réti Opening:1 Nf3 d5} Bg4 7. c4 dxc4 (7... e6 8. cxd5 Nxd5 9. Nc3 Nxc3 10. Bxc3 Bd6 11. Bxg7 Rg8 12. Bb2 Bh3 13. Ne1 Qh4 {1-0 (35) Huzman,A (2580)-Alekseev,E (2642) Berlin 2015}) 8. Bxf6 $146 ({Predecessor:} 8. bxc4 e6 9. Qb3 Be7 10. h3 Bh5 11. d3 Qc7 12. Nbd2 O-O 13. Rfe1 Rfd8 {½-½ (29) Brueckel,G (2330)-Siefring,C (2423) IECG email 2002}) 8... gxf6 9. bxc4 e6 10. Nc3 *

[Event "ISR-chT 2019"]
[Site "Israel"]
[Date "2019.02.15"]
[Round "5.1"]
[White "Flom, Gabriel"]
[Black "Abergel, Thal"]
[Result "0-1"]
[WhiteElo "2467"]
[BlackElo "2422"]
[Annotator "TA"]
[PlyCount "92"]
[EventDate "2019.01.04"]
[EventType "team-tourn"]
[EventCountry "ISR"]
[SourceTitle "playchess.com"]
[Source "ChessBase"]
[SourceQuality "1"]

{[%evp 19,92,37,47,40,52,51,59,56,47,54,83,87,108,88,97,66,106,98,85,81,61,14,16,0,0,-16,0,0,0,-68,-73,-135,-126,-134,-119,-116,-124,-139,-135,-136,-120,-138,-120,-129,-105,-155,-148,-150,-108,-108,-105,-110,-104,-104,-104,-135,-135,-128,-135,-128,-109,-254,-254,-247,-233,-29993,-29994,-29994,-29995,-29995,-29996,-29996,-29995,-29995,-29984]} 1. d4 Nf6 2. c4 c5 3. d5 e6 4. Nc3 exd5 5. cxd5 d6 6. e4 g6 7. f4 Bg7 8. Bb5+ Nfd7 9. a4 Na6 {A67: Modern Benoni: Taimanov Variation} (9... O-O 10. Nf3 Na6 11. O-O Nb4 12. Kh1 a6 13. Be2 Re8 14. f5 Nf6 15. Bg5 h6 16. Bxf6 Bxf6 17. fxg6 fxg6 18. Qd2 Bg7 19. h3 b6 20. Bc4 {1-0 (75) Sjugirov,S (2663)-Yilmaz,M (2636) St Petersburg 2018}) 10. Nf3 Nc7 {LiveBook: 3 Games} 11. Bc4 Nb6 $146 {White is slightly better.} ({Predecessor:} 11... O-O 12. O-O Nb6 13. Ba2 Bg4 14. a5 Nd7 15. Bc4 Rb8 16. Qd3 Bxf3 17. Rxf3 a6 18. e5 dxe5 19. Ne4 Nb5 20. Bxb5 axb5 21. Qxb5 exf4 22. Bxf4 {0-1 (37) Kaminik,A (2230)-Urban,K (2465) Katowice 1992}) 12. Bb3 Bg4 13. h3 Bxf3 $1 14. Qxf3 Na6 15. a5 Nd7 16. e5 dxe5 17. d6 {Strongly threatening Bxf7+!} O-O 18. O-O (18. Qxb7 Rb8 $17) 18... exf4 19. Bxf4 (19. Qxf4 $6 Ne5 $11) 19... Nb4 20. Bg3 {[%cal Rb3f7]} Nc6 21. a6 {[%cal Ba5a6,Ba6b7][%mdl 32]} Nce5 (21... Nd4 $5 {[%cal Rd4f3]} 22. Bxf7+ Kh8 $11) 22. Qd5 ({Much worse is} 22. Qxb7 Rb8 $17) 22... c4 {White must now prevent ...Qb6+.} 23. axb7 Rb8 {Hoping for ...Qb6+.} 24. Bxe5 (24. Bxc4 $2 Nb6 $17) (24. Ba4 $1 $11 Nb6 25. Qb5) 24... Nxe5 $15 25. Bxc4 ({White should try} 25. Ba2 Qb6+ 26. Kh1 Qxb7 27. Bxc4) 25... Nxc4 $17 26. Qxc4 Qxd6 27. Nd5 Rxb7 28. Ra6 Qe5 29. b3 Qd4+ 30. Kh1 Rd8 31. Ra5 h5 32. Qc6 Qd3 33. Nf6+ Bxf6 34. Qxf6 Rd6 35. Qf4 Rbd7 36. Rf3 Qd4 37. Qh6 Rf6 $40 {[%mdl 128] White is in trouble.} 38. Rxf6 Qxf6 {[%mdl 4096] Endgame KQR-KQR} 39. Qc1 Kh7 40. Rc5 {[#]} (40. b4 $17 {is a better defense.}) 40... Rd3 $1 $19 41. Ra5 Qd4 ({Don't do} 41... Rxb3 {[#]} 42. Rxh5+ $1 {[%mdl 512]} gxh5 43. Qc2+ Kg7 44. Qxb3 $17) 42. Qc7 $2 (42. Ra1 $19) 42... Rd1+ {Black mates.} 43. Kh2 Qg1+ 44. Kg3 Rd3+ 45. Kh4 Qf2+ 46. Kg5 Rg3+ {Precision: White = 49%, Black = 65%.} 0-1